00541nam a2200121Ia 4500008004100000020001800041100007600059245015800135260002700293650003600320650001500356856004800371171212s9999 xx 000 0 und d a9780833033321 aHassell, Scott;Wong, Anny;Houser, Ari;Knopman, Debra;Bernstein, Mark A. cHassell, Scott;Wong, Anny;Houser, Ari;Knopman, Debra;Bernstein, Mark A.aBuilding Better HomesbGovernment Strategies for Promoting Innovation in Housing bRAND Corporationc2003 aHousing policy -- United States aTechnology uwww.jstor.org/stable/10.7249/mr1658hud-path